000 01001cam a2200289 a 4500
001 13145828
003 OSt
005 20140310181720.0
008 030402s2000 enka b 001 0deng
010 _a 2003267665
020 _a0192854100
040 _aDLC
_cDLC
_dDLC
050 0 0 _aB 3279
_b.In63 2000
082 0 0 _aIB 100
_2V62i 2000
100 1 _aInwood, M. J.,
_d1944-
245 1 0 _aHeidegger :
_ba very short introduction /
_cMichael Inwood.
260 _aOxford ;
_aNew York :
_bOxford University Press,
_c2000.
300 _a150 p. :
_bill. ;
_c18 cm.
440 0 _aVery short introductions ;
_v25
600 1 0 _aHeidegger, Martin,
_d1889-1976.
600 1 0 _aHeidegger, Martin,
_d1889-1976.
_tSein und Zeit.
856 4 2 _3Publisher description
_uhttp://www.loc.gov/catdir/enhancements/fy0615/2003267665-d.html
906 _a7
_bcbc
_corigcop
_d2
_encip
_f20
_gy-gencatlg
942 _2lcc
_cBK
999 _c1962
_d1962